000 00363 a2200121 4500
001 ART_23816
005 20260410161701.0
008 260409a
245 1 0 _aSobre la uniformidad de las tarifas óptimas
100 1 _aMartirena-Mantel, Ana María
700 1 _aMantel, Rolf R.
773 0 _tEnsayos Económicos
_g- Nº 20 (dic. 1981)
_wREV620
999 _c15198
_d15198